Ošetrovanie ovocných stromov, poškodených tohoročnou zimou

Bibliographic Details
Main Author: Buchta, Viktor, 1892-1965 (Author)
Format: Article
Language:Slovak

MARC

LEADER 00000nab a2200000uu 4500
001 vtls010912635
003 SK-MaSNL
005 20260303150449.0
008 230222|1940 xo |||||||||||||||||slo|
015 |a SNBRB 
035 |a (urnnbn)urn:nbn:sk:snk:ar-a0878b 
035 |a (uuid)d437e1e0-8a6d-4759-a459-5781493d9799 
035 |a urn:nbn:sk:snk-ab91ke 
040 |a SNKBUCL  |b slo  |c SNKBUCL  |e AACR2 
041 0 |a slo 
044 |a xo  |c SK 
100 1 |a Buchta, Viktor,  |d 1892-1965  |4 aut  |9 38375 
245 1 0 |a Ošetrovanie ovocných stromov, poškodených tohoročnou zimou  |c Viktor Buchta 
773 0 |t Slovenské ovocinárstvo : odborný časopis pre povznesenie ovocinárstva, vinohradníctva a záhradníctva : orgán Slovenskej ovocinárskej spoločnosti a jej odbočiek  |g Č. 388-389 (1940), s. 88-89 
954 |a odborná, vedecká literatúra pôvodná (slovenská)  |2 lita 
958 |a OND 
958 |a EUIPO 
958 |a article10 
999 |c 2010944  |d 2012874